000 00686nam a22002297a 4500
003 UA-OsUOA
001 107128
007 ta
008 20140707b un ||||| |||| 00| 0 ukr d
100 _aБондарев Ю. В.
090 _a821.161.1
_bБ81
942 _cBK
040 _aUA-OsUOA
_brus
_cUA-OsUOA
_dUA-OsUOA
245 _aЧеловек несет в себе мир
_bсборник публицистических произведений
300 _a256 с.
955 _a3
041 _arus
080 _a821.161.1
260 _aМ.
_bМол. гвардия
_c1980
650 7 _a82 Література. Літературознавство
_2UDC
999 _c393541
_d393541